Logo BPK

Bibliografia Prac Pracowników

Politechniki Koszalińskiej

Ocena dokładności pomiarowej komputerowego systemu analizy obrazów zarysów gwintu / (Rekord nr 3479)

Szczegóły MARC
000 -ETYKIETA REKORDU
podpole kontrolne o stałej długości 01433naa a2200229 i 4500
001 - NUMER KONTROLNY REKORDU
podpole kontrolne 3479
003 - IDENTYFIKATOR NUMERU KONTROLNEGO REKORDU
podpole kontrolne KOSZ 005
005 - DATA OSTATNIEJ MODYFIKACJI REKORDU
podpole kontrolne 20180502141502.0
008 - POLE O STAŁEJ DŁUGOŚCI - DANE KONTROLNE
podpole kontrolne o stałej długości 140625s2008 pl f |000 0 pol
040 ## - ŹRÓDŁO KATALOGOWANIA
Instytucja, która utworzyła rekord BPK
Instytucja, która dokonała modyfikacji KOSZ 005/HR
080 ## - UNIWERSALNA KLASYFIKACJA DZIESIĘTNA - UKD
UKD 621.9
080 ## - UNIWERSALNA KLASYFIKACJA DZIESIĘTNA - UKD
UKD 004.92/.94
100 1# - NAZWA OSOBOWA
Nazwa osobowa STORCH, Borys.
Lata pracy 1996 - .
Instytucja Politechnika Koszalińska - Wydział Mechaniczny,
Wydział Katedra Inżynierii Produkcji - Zakład Monitorowania Procesów Technologicznych
245 10 - TYTUŁ/ODPOWIEDZIALNOŚĆ
Tytuł Ocena dokładności pomiarowej komputerowego systemu analizy obrazów zarysów gwintu /
Pozostałe elementy strefy tytułu i oznaczenia odpowiedzialności Borys Storch, Izabela Wierucka.
500 ## - UWAGI OGÓLNE
Tekst uwagi Dane z autopsji.
520 ## - UWAGA DOTYCZĄCA TREŚCI DOKUMENTU
Analiza dokumentacyjna, adnotacja itp. Przedstawiono analizę niepewności pomiaru wybranego wymiaru geometrycznego gwintu z wykorzystaniem toru komputerowego z komputerową analizą obrazu. Wyniki badań oparte na analizie zdolności systemów pomiarowych pozwoliły na ocenę wiarygodności i przydatności stosowanego wizyjnego toru pomiarowego do pomiarów zarysów gwintu.
650 #0 - HASŁO PRZEDMIOTOWE W FORMIE NAZWY OGÓLNEJ LUB JEDNOSTKOWEJ
Nazwa ogólna lub geograficzna Gwintowanie.
650 #0 - HASŁO PRZEDMIOTOWE W FORMIE NAZWY OGÓLNEJ LUB JEDNOSTKOWEJ
Nazwa ogólna lub geograficzna Przetwarzanie obrazów.
700 1# - HASŁO DODATKOWE - NAZWA OSOBOWA
Nazwa osobowa WIERUCKA, Izabela.
Lata pracy 1996 - .
Instytucja Politechnika Koszalińska - Wydział Mechaniczny,
Wydział Zakład Monitorowania Procesów Technologicznych
773 0# - TYTUŁ DOKUMENTU MACIERZYSTEGO
Wyrażenie wprowadzające W :
Tytuł Współrzędnościowa technika pomiarowa : praca zbiorowa / pod red. Eugeniusza Ratajczaka i Władysława Jakubca. -
Adres wydawniczy Bielsko-Biała : Wydaw. Akademii Techniczno-Humanistycznej, 2008. -
Informacje dotyczące relacji s. 59-68
942 ## - HASŁO DODATKOWE - ELEMENTY(KOHA)
Typ dokumentu Rozdział
Schemat klasyfikacji Uniwersalna klasyfikacja dziesiętna

Brak dostępnych egzemplarzy.

© 2014 Biblioteka Politechniki Koszalińskiej :: BIBLIOGRAFIA PRAC PRACOWNIKÓW